Revista de derecho de daños 2020 - 2 : accidentes de tránsito II. /

Guardado en:
Formato: Libro
Idioma:Spanish
Publicado: Santa Fe : Rubinzal - Culzoni, 2020.
Edición:1a. ed.
Materias:
Etiquetas: Agregar Etiqueta
Sin Etiquetas, Sea el primero en etiquetar este registro!
LEADER 00604nam a22001695a 4500
001 DER.der014617
008 201217s2020####ag#####|###|#|######spa||
005 20250602131848.0
245 1 0 |a Revista de derecho de daños 2020 - 2 :  |b accidentes de tránsito II. /  |c dirigido por Jorge Mosset Iturraspe y Ricardo Luis Lorenzetti. 
250 |a 1a. ed. 
260 |a Santa Fe :  |b Rubinzal - Culzoni,  |c 2020. 
300 |a 736 p. 
020 |a 9789873015052 
100 1 |a Mosset Iturraspe, Jorge.,  |e dir. 
700 1 |a Lorenzetti, Ricardo Luis.,  |e dir. 
650 7 |a DERECHO DE DAÑOS 
859 |a DERECHO  |b BIB. DERECHO  |h 346  |i REV  |p 009918